| 000 | 00378 a2200157 4500 | ||
|---|---|---|---|
| 001 | 150300 | ||
| 040 | _cEscola São Tomás de Aquino | ||
| 100 | _aALENCAR, José de | ||
| 240 | 1 | 0 |
_aO Guarani _lpor |
| 245 | 1 | 0 | _aO Guarani |
| 300 | _a37 | ||
| 362 | 0 | _a2011 | |
| 440 | 1 | _aScipione | |
| 697 | _aCaricaturas, desenho animado, cômico, fotonovelas / Quadrinhos | ||
| 942 | _cBK | ||
| 999 |
_c150300 _d150300 |
||